| 000 | 00601nam a2200193Ia 4500 | ||
|---|---|---|---|
| 008 | 151121s9999||||xx |||||||||||||| ||und|| | ||
| 082 | _a813/ललगू | ||
| 082 | _bHNW-41797 | ||
| 100 | _aललगुणकर रमेश | ||
| 245 | _aकॉलनी लाईफ | ||
| 260 | _b"नेत्रा प्रकाशन, नागपूर।" | ||
| 260 | _c-- | ||
| 300 | _a131 | ||
| 600 | _aललगुणकर रमेश | ||
| 630 | _aकॉलनी लाईफ | ||
| 700 | _aललगुणकर रमेश | ||
| 730 | _aकॉलनी लाईफ | ||
| 942 | _cBOOK | ||
| 999 |
_c1230640 _d1230637 |
||